Cemetery land - valuation and management aspects, with particular reference to Penang Island

Bibliographic Details
Main Author: Choo Lai Kuen
Corporate Author: INSPEN
Format: Book
Subjects:
Online Access:http://app.inspen.gov.my:7779/pls/portal/docs/PAGE/CORPORATEPAGES/PORTAL_INSPEN/LAPORAN_PENYELIDIKAN_DI_PERPUSTAKAAN/BN.PDF

MARC

LEADER 00000cam a2200000 7i4500
001 0000007350
005 20070905.0
040 |a INS 
090 0 0 |a RESEARCH 30 
100 0 |a Choo Lai Kuen 
245 1 0 |a Cemetery land - valuation and management aspects, with particular reference to Penang Island   |c Choo Lai Kuen 
300 |c 30cm. 
500 |a Digital document is available on-line; Please click the URL below 
650 0 0 |a Cemetery 
650 0 0 |a Cemetery land   |x Valuation 
710 2 |a INSPEN 
856 |u http://app.inspen.gov.my:7779/pls/portal/docs/PAGE/CORPORATEPAGES/PORTAL_INSPEN/LAPORAN_PENYELIDIKAN_DI_PERPUSTAKAAN/BN.PDF 
999 |a RES0000062   |b BOOK   |c Research By JPPH Staff   |e Default branch